Index to the proceedings to the Madras legislative council (Record no. 957230)

MARC details
000 -LEADER
fixed length control field 01559nam a2200421 a 4500
001 - CONTROL NUMBER
control field vtls001508257
003 - CONTROL NUMBER IDENTIFIER
control field NLI
005 - DATE AND TIME OF LATEST TRANSACTION
control field 20210627140953.0
008 - FIXED-LENGTH DATA ELEMENTS--GENERAL INFORMATION
fixed length control field 121211m1928uuuuii f000 0 eng
039 #9 - LEVEL OF BIBLIOGRAPHIC CONTROL AND CODING DETAIL [OBSOLETE]
-- 201212111853
-- VLOAD
040 0# - CATALOGING SOURCE
Original cataloging agency NLI
Language of cataloging eng
Transcribing agency XData_2
Description conventions AACR2
041 0# - LANGUAGE CODE
Language code of text/sound track or separate title eng
044 ## - COUNTRY OF PUBLISHING/PRODUCING ENTITY CODE
MARC country code ii
082 04 - DEWEY DECIMAL CLASSIFICATION NUMBER
Classification number 328.5451
110 1# - MAIN ENTRY--CORPORATE NAME
Corporate name or jurisdiction name as entry element Madras (India).
Subordinate unit Legislative Council
Number of part/section/meeting 3rd Session
9 (RLIN) 1044094
245 10 - TITLE STATEMENT
Title Index to the proceedings to the Madras legislative council
Number of part/section of a work 3rd session of the third legislative council /
Statement of responsibility, etc. Legislative council, Government of Madras
260 ## - PUBLICATION, DISTRIBUTION, ETC.
Place of publication, distribution, etc. Madras :
Name of publisher, distributor, etc. The Authority of Council,
Date of publication, distribution, etc. 1928-
300 ## - PHYSICAL DESCRIPTION
Extent -v. ;
Dimensions 25 cm.
500 ## - GENERAL NOTE
General note Library has Vol.44-49
650 #0 - SUBJECT ADDED ENTRY--TOPICAL TERM
Topical term or geographic name entry element Debates and debating
Geographic subdivision India
-- Madras
9 (RLIN) 1042624
650 #0 - SUBJECT ADDED ENTRY--TOPICAL TERM
Topical term or geographic name entry element Parliamentary practice
Geographic subdivision India
-- Madras
9 (RLIN) 682322
650 #0 - SUBJECT ADDED ENTRY--TOPICAL TERM
Topical term or geographic name entry element Legislative bodies
Geographic subdivision India
-- Madras
9 (RLIN) 682323
651 #0 - SUBJECT ADDED ENTRY--GEOGRAPHIC NAME
Geographic name Madras (India)
General subdivision Politics and government
Chronological subdivision 1947-
887 ## - NON-MARC INFORMATION FIELD
Content of non-MARC field
901 ## - LOCAL DATA ELEMENT A, LDA (RLIN)
a IMP8470 date
b 15.09.2009
901 ## - LOCAL DATA ELEMENT A, LDA (RLIN)
a IMP8471 date
b 15.09.2009
9 v.44
901 ## - LOCAL DATA ELEMENT A, LDA (RLIN)
a IMP8472 date
b 15.09.2009
9 v.45
901 ## - LOCAL DATA ELEMENT A, LDA (RLIN)
a IMP8473 date
b 15.09.2009
9 v.46
901 ## - LOCAL DATA ELEMENT A, LDA (RLIN)
a IMP8475 date
b 15.09.2009
9 v.47
901 ## - LOCAL DATA ELEMENT A, LDA (RLIN)
a IMP8476 date
b 15.09.2009
9 v.48
901 ## - LOCAL DATA ELEMENT A, LDA (RLIN)
a IMP8477 date
b 15.09.2009
9 v.49
902 ## - LOCAL DATA ELEMENT B, LDB (RLIN)
a GP 328.5451[1]02 M 267 lcp
949 ## - LOCAL PROCESSING INFORMATION (OCLC)
-- VIRTUAITEM
-- 10003
-- 100
6 IOD000008472ENG
9 v.45
942 ## - ADDED ENTRY ELEMENTS (KOHA)
Source of classification or shelving scheme Dewey Decimal Classification
Koha item type Books
949 ## - LOCAL PROCESSING INFORMATION (OCLC)
-- VIRTUAITEM
-- 10003
-- 100
6 IOD000008476ENG
9 v.48
949 ## - LOCAL PROCESSING INFORMATION (OCLC)
-- VIRTUAITEM
-- 10003
-- 100
6 IOD000008477ENG
9 v.49
Holdings
Withdrawn status Lost status Damaged status Not for loan Collection code Home library Current library Shelving location Date acquired Total Checkouts Full call number Barcode Date last seen Price effective from Koha item type
        Government Publications National Library of India National Library of India Annexe Reading Room & Stack Division     GP 328.5451[1]02 M 267 lcp IOD000008472ENG 27/06/2021 27/06/2021 Books
        Government Publications National Library of India National Library of India Annexe Reading Room & Stack Division     GP 328.5451[1]02 M 267 lcp IOD000008476ENG 27/06/2021 27/06/2021 Books
        Government Publications National Library of India National Library of India Annexe Reading Room & Stack Division     GP 328.5451[1]02 M 267 lcp IOD000008477ENG 27/06/2021 27/06/2021 Books
                                                                           
web counter

Copyright ©2020 The National Library of India, Govt. of India ↔ Hosted by NVLI, MOC ↔ Technology and Design by National Library of India, Ministry of Culture, Govt. of India